000 00390nam a2200121Ia 4500
008 220620s9999||||xx |||||||||||||| ||und||
245 0 _aIntestinal Obstructions
546 _aEnglish[eng]
650 _aGastrointestinal & colorectal surgery
700 _aVictorovich Garbuzenko, Dmitry
856 _uhttps://mts.intechopen.com/storage/books/10136/authors_book/authors_book.pdf
942 _cEB
999 _c34587
_d34587